000 00615nam a2200229Ia 4500
003 OSt
005 20220928110841.0
006 a|||||r|||| 00| 0
007 ta
008 220927b |||||||| |||| 00| 0 eng d
024 _a47700
037 _cTextual
040 _aSDCL
_cSDCL
_beng
041 _2eng
_aeng
082 _aY:1.2'N2, N0
100 _aVidyalankar Satyekaetu
_9420906
245 0 _aBharatiya sanskriti ka vikas.
260 _aNew Delhi
_bSarasvati Sadan
_c1990
300 _a544p.
_ccm.
942 _hY:1.2'N2, N0
_cTEXL
_2CC
999 _c737179
_d737179